[Event "DVM U14 2018"]
[Site "Magdeburg GER"]
[Date "2018.12.29"]
[Round "6"]
[White "Stockmann, Till"]
[Black "Afonso, Nils"]
[Result "0-1"]
[Termination "normal"]
[Board "2.2"]
[WhiteElo "1856"]
[BlackElo "2012"]
[WhiteClock "00:24:32"]
[BlackClock "00:20:44"]
[WhiteTeam "Schachzwerge Magdeburg"]
[BlackTeam "SF 59 Kornwestheim"]
[PlyCount "105"]
[WhiteFideId "12979341"]
[BlackFideId "12990582"]
[EventCountry "GER"]
[EventRounds "7"]
[EventType "team-swiss"]
[EventDate "2018.12.26"]

1. e4 {[%clk 1:30:57]} c5 {[%clk 1:30:56]} 2. Nf3 {[%clk 1:31:14]} Nc6 {[%clk
1:31:22]} 3. d4 {[%clk 1:31:20]} cxd4 {[%clk 1:31:47]} 4. Nxd4 {[%clk 1:31:37]}
g6 {[%clk 1:32:14]} 5. c4 {[%clk 1:31:27]} Bg7 {[%clk 1:32:06]} 6. Be3 {[%clk
1:31:47]} Nf6 {[%clk 1:32:10]} 7. Nc3 {[%clk 1:31:40]} O-O {[%clk 1:31:56]} 8.
Be2 {[%clk 1:31:31]} d6 {[%clk 1:28:25]} 9. O-O {[%clk 1:29:04]} Bd7 {[%clk
1:23:26]} 10. h3 {[%clk 1:28:44]} Ne8 {[%clk 1:22:52]} 11. Rc1 {[%clk 1:22:04]}
Nc7 {[%clk 1:20:51]} 12. Nc2 {[%clk 1:18:24]} Ne6 {[%clk 1:17:37]} 13. Qd2
{[%clk 1:11:21]} Rc8 {[%clk 1:10:47]} 14. Bh6 {[%clk 1:06:22]} Qa5 {[%clk
0:34:27]} 15. Bxg7 {[%clk 1:04:43]} Kxg7 {[%clk 0:34:49]} 16. Rfd1 {[%clk
1:00:32]} Ne5 {[%clk 0:31:20]} 17. Ne3 {[%clk 0:57:55]} Nf4 {[%clk 0:30:54]}
18. Nf5+ {[%clk 0:56:29]} gxf5 {[%clk 0:28:50]} 19. Qxf4 {[%clk 0:56:46]} Ng6
{[%clk 0:27:08]} 20. Qe3 {[%clk 0:54:58]} fxe4 {[%clk 0:26:53]} 21. Qxe4 {[%clk
0:52:40]} Qg5 {[%clk 0:25:26]} 22. Kh1 {[%clk 0:44:46]} Nf4 {[%clk 0:15:33]}
23. Nd5 {[%clk 0:40:17]} Nxd5 {[%clk 0:13:12]} 24. Qxd5 {[%clk 0:40:34]} Qf6
{[%clk 0:11:06]} 25. Qd4 {[%clk 0:38:07]} Rc5 {[%clk 0:08:35]} 26. Bf3 {[%clk
0:33:12]} Bc6 {[%clk 0:08:16]} 27. Bxc6 {[%clk 0:30:16]} bxc6 {[%clk 0:08:30]}
28. b4 {[%clk 0:29:57]} Rf5 {[%clk 0:08:00]} 29. Kg1 {[%clk 0:28:49]} Qxd4
{[%clk 0:08:01]} 30. Rxd4 {[%clk 0:29:08]} Rb8 {[%clk 0:08:26]} 31. a3 {[%clk
0:27:56]} a5 {[%clk 0:08:47]} 32. Rb1 {[%clk 0:25:53]} axb4 {[%clk 0:08:55]}
33. axb4 {[%clk 0:26:02]} Ra5 {[%clk 0:07:19]} 34. Re1 {[%clk 0:23:39]} Ra7
{[%clk 0:07:06]} 35. c5 {[%clk 0:20:16]} d5 {[%clk 0:07:22]} 36. Rg4+ {[%clk
0:19:55]} Kf6 {[%clk 0:07:20]} 37. Rf4+ {[%clk 0:19:45]} Kg6 {[%clk 0:07:32]}
38. Re3 {[%clk 0:19:54]} f6 {[%clk 0:06:43]} 39. Rg3+ {[%clk 0:18:29]} Kf7
{[%clk 0:06:37]} 40. Rfg4 {[%clk 0:18:14]} Ke6 {[%clk 0:02:31]} 41. Rh4 {[%clk
0:15:22]} Ra1+ {[%clk 0:01:54]} 42. Kh2 {[%clk 0:15:28]} Re1 {[%clk 0:02:12]}
43. Rgg4 {[%clk 0:12:40]} Rh8 {[%clk 0:29:20]} 44. Rg3 {[%clk 0:37:08]} Re4
{[%clk 0:25:39]} 45. Rxe4+ {[%clk 0:34:54]} dxe4 {[%clk 0:25:57]} 46. Re3
{[%clk 0:33:35]} Ke5 {[%clk 0:24:50]} 47. f3 {[%clk 0:32:15]} f5 {[%clk
0:25:06]} 48. fxe4 {[%clk 0:31:54]} fxe4 {[%clk 0:25:29]} 49. Kg3 {[%clk
0:31:28]} Rf8 {[%clk 0:25:52]} 50. Re1 {[%clk 0:30:37]} Kd4 {[%clk 0:26:10]}
51. Re2 {[%clk 0:26:51]} e3 {[%clk 0:25:22]} 52. Ra2 {[%clk 0:25:44]} e5 {[%clk
0:20:44]} 53. Rb2 {[%clk 0:24:32]} *

[Event "DVM U14 2018"]
[Site "Magdeburg GER"]
[Date "2018.12.29"]
[Round "6"]
[White "Kluge, Malte"]
[Black "Morgenstern, Tobias"]
[Result "1-0"]
[Termination "normal"]
[Board "2.3"]
[WhiteElo "1584"]
[BlackElo "1734"]
[WhiteClock "00:20:04"]
[BlackClock "00:26:50"]
[WhiteTeam "SF 59 Kornwestheim"]
[BlackTeam "Schachzwerge Magdeburg"]
[PlyCount "103"]
[WhiteFideId "16243838"]
[BlackFideId "12974390"]
[EventCountry "GER"]
[EventRounds "7"]
[EventType "team-swiss"]
[EventDate "2018.12.26"]

1. d4 {[%clk 1:30:55]} Nf6 {[%clk 1:30:54]} 2. c4 {[%clk 1:31:07]} g6 {[%clk
1:31:17]} 3. Nc3 {[%clk 1:30:58]} Bg7 {[%clk 1:31:40]} 4. e4 {[%clk 1:30:49]}
d6 {[%clk 1:32:03]} 5. Nf3 {[%clk 1:30:35]} O-O {[%clk 1:32:24]} 6. Be2 {[%clk
1:30:53]} e5 {[%clk 1:32:43]} 7. Be3 {[%clk 1:30:54]} Nc6 {[%clk 1:32:49]} 8.
d5 {[%clk 1:29:28]} Ne7 {[%clk 1:33:08]} 9. Nd2 {[%clk 1:27:52]} Ne8 {[%clk
1:30:39]} 10. f3 {[%clk 1:26:14]} f5 {[%clk 1:28:36]} 11. Bf2 {[%clk 1:25:34]}
f4 {[%clk 1:26:22]} 12. Qc2 {[%clk 1:24:33]} c6 {[%clk 1:21:05]} 13. O-O-O
{[%clk 1:20:55]} c5 {[%clk 1:13:02]} 14. Nb3 {[%clk 1:14:54]} a6 {[%clk
1:10:37]} 15. Bd3 {[%clk 1:06:36]} Nc7 {[%clk 1:03:50]} 16. Qe2 {[%clk
1:03:16]} Bd7 {[%clk 1:02:28]} 17. Nxc5 {[%clk 0:52:12]} dxc5 {[%clk 0:58:15]}
18. d6 {[%clk 0:52:28]} Ne6 {[%clk 0:55:59]} 19. dxe7 {[%clk 0:50:39]} Qxe7
{[%clk 0:56:13]} 20. Nd5 {[%clk 0:49:21]} Qd6 {[%clk 0:56:28]} 21. Bc2 {[%clk
0:49:06]} Nd4 {[%clk 0:56:08]} 22. Bxd4 {[%clk 0:46:54]} cxd4 {[%clk 0:55:51]}
23. Kb1 {[%clk 0:42:33]} b5 {[%clk 0:53:44]} 24. Bd3 {[%clk 0:36:51]} Rab8
{[%clk 0:49:43]} 25. Rc1 {[%clk 0:35:09]} Rb7 {[%clk 0:38:05]} 26. c5 {[%clk
0:32:21]} Qe6 {[%clk 0:34:49]} 27. Bc2 {[%clk 0:20:25]} Kh8 {[%clk 0:28:31]}
28. Bb3 {[%clk 0:20:13]} Qe8 {[%clk 0:28:11]} 29. Qc2 {[%clk 0:18:04]} Bc6
{[%clk 0:25:57]} 30. Nb4 {[%clk 0:17:51]} Ra7 {[%clk 0:23:44]} 31. Bd5 {[%clk
0:13:16]} Rf6 {[%clk 0:21:01]} 32. Nxc6 {[%clk 0:12:29]} Rxc6 {[%clk 0:21:23]}
33. Bxc6 {[%clk 0:12:26]} Qxc6 {[%clk 0:21:47]} 34. Qb3 {[%clk 0:11:25]} Rd7
{[%clk 0:20:39]} 35. Rhd1 {[%clk 0:11:16]} Bf6 {[%clk 0:17:01]} 36. g3 {[%clk
0:06:34]} fxg3 {[%clk 0:15:19]} 37. hxg3 {[%clk 0:06:57]} Bg5 {[%clk 0:15:37]}
38. Rc2 {[%clk 0:05:17]} Kg7 {[%clk 0:14:45]} 39. Rd3 {[%clk 0:04:33]} Be3
{[%clk 0:14:36]} 40. Qa3 {[%clk 0:03:49]} Rf7 {[%clk 0:14:20]} 41. Rxe3 {[%clk
0:00:57]} dxe3 {[%clk 0:13:55]} 42. Qxe3 {[%clk 0:01:23]} Rd7 {[%clk 0:08:23]}
43. Qg5 {[%clk 0:27:57]} Qf6 {[%clk 0:36:18]} 44. Qe3 {[%clk 0:24:48]} Qc6
{[%clk 0:35:57]} 45. Qc3 {[%clk 0:24:13]} Kf6 {[%clk 0:35:25]} 46. Rc1 {[%clk
0:22:57]} Rd4 {[%clk 0:33:28]} 47. b3 {[%clk 0:22:03]} g5 {[%clk 0:29:05]} 48.
Qa5 {[%clk 0:19:29]} h5 {[%clk 0:26:08]} 49. Qb6 {[%clk 0:19:05]} Qxb6 {[%clk
0:26:04]} 50. cxb6 {[%clk 0:19:25]} Rd6 {[%clk 0:26:26]} 51. b7 {[%clk
0:19:43]} Rb6 {[%clk 0:26:50]} 52. Rc6+ {[%clk 0:20:04]} 1-0

[Event "DVM U14 2018"]
[Site "Magdeburg GER"]
[Date "2018.12.29"]
[Round "6"]
[White "Heutling, Elina"]
[Black "Afonso, Phil"]
[Result "1-0"]
[Termination "normal"]
[Board "2.4"]
[WhiteElo "1742"]
[BlackElo "1595"]
[WhiteClock "00:44:06"]
[BlackClock "00:44:57"]
[WhiteTeam "Schachzwerge Magdeburg"]
[BlackTeam "SF 59 Kornwestheim"]
[PlyCount "57"]
[WhiteFideId "16244729"]
[BlackFideId "16207475"]
[EventCountry "GER"]
[EventRounds "7"]
[EventType "team-swiss"]
[EventDate "2018.12.26"]

1. e4 e5 2. Nf3 Nc6 3. Bb5 a6 4. Ba4 Nf6 5. d3 Bc5 6. O-O O-O 7. Bxc6 dxc6 8.
Nxe5 Re8 9. Nf3 Bg4 10. Bg5 h6 11. Bh4 g5 12. Bg3 Nh5 13. c3 Nxg3 14. hxg3 Ba7
15. Qc2 Bxf3 16. gxf3 h5 17. Kg2 Re6 18. Nd2 Rh6 19. Nc4 h4 20. Ne5 h3+ 21. Kh2
Qe7 22. Ng4 Rh7 23. e5 Kg7 24. Qd2 Rd8 25. Rad1 Qe6 26. Qxg5+ Qg6 27. Qxd8 Qf5
28. Qf6+ Qxf6 29. exf6+ 1-0

[Event "DVM U14 2018"]
[Site "Magdeburg GER"]
[Date "2018.12.29"]
[Round "6"]
[White "Sulayev, Daniel"]
[Black "Lutz, Ruben"]
[Result "1/2-1/2"]
[Termination "normal"]
[Board "3.1"]
[WhiteElo "2061"]
[BlackElo "2037"]
[WhiteClock "00:55:12"]
[BlackClock "00:13:36"]
[WhiteTeam "SV Empor Berlin"]
[BlackTeam "USV TU Dresden"]
[PlyCount "53"]
[WhiteFideId "12977675"]
[BlackFideId "12975974"]
[EventCountry "GER"]
[EventRounds "7"]
[EventType "team-swiss"]
[EventDate "2018.12.26"]

1. c4 {[%clk 1:30:01]} e6 {[%clk 1:30:43]} 2. Nf3 {[%clk 1:30:11]} d5 {[%clk
1:30:41]} 3. b3 {[%clk 1:30:27]} Nf6 {[%clk 1:30:29]} 4. g3 {[%clk 1:29:35]}
Be7 {[%clk 1:30:22]} 5. Bg2 {[%clk 1:29:51]} O-O {[%clk 1:30:23]} 6. O-O {[%clk
1:30:07]} Nbd7 {[%clk 1:29:42]} 7. Bb2 {[%clk 1:30:13]} c6 {[%clk 1:29:52]} 8.
d3 {[%clk 1:29:39]} b6 {[%clk 1:29:47]} 9. Nbd2 {[%clk 1:29:44]} Bb7 {[%clk
1:29:27]} 10. e4 {[%clk 1:28:21]} Rc8 {[%clk 1:27:33]} 11. Qe2 {[%clk 1:26:44]}
Qc7 {[%clk 1:16:55]} 12. e5 {[%clk 1:25:59]} Ne8 {[%clk 1:17:13]} 13. h4 {[%clk
1:24:37]} Qb8 {[%clk 1:06:36]} 14. Bh3 {[%clk 1:22:11]} Nc7 {[%clk 1:06:19]}
15. Rfe1 {[%clk 1:20:41]} Rfd8 {[%clk 0:38:54]} 16. Rad1 {[%clk 1:18:39]} Nf8
{[%clk 0:37:55]} 17. Nf1 {[%clk 1:15:27]} c5 {[%clk 0:35:02]} 18. N1h2 {[%clk
1:13:46]} b5 {[%clk 0:33:35]} 19. cxb5 {[%clk 1:11:49]} Nxb5 {[%clk 0:33:15]}
20. h5 {[%clk 1:12:04]} h6 {[%clk 0:26:42]} 21. Ng4 {[%clk 1:09:50]} Qa8 {[%clk
0:19:23]} 22. Bg2 {[%clk 1:08:46]} Nh7 {[%clk 0:16:33]} 23. Ne3 {[%clk
1:07:37]} a5 {[%clk 0:14:06]} 24. a4 {[%clk 0:56:34]} Na7 {[%clk 0:13:52]} 25.
Rc1 {[%clk 0:56:11]} Nc6 {[%clk 0:13:46]} 26. Ba3 {[%clk 0:55:12]} Nb4 {[%clk
0:13:36]} 27. Bxb4 1/2-1/2

[Event "DVM U14 2018"]
[Site "Magdeburg GER"]
[Date "2018.12.29"]
[Round "6"]
[White "Lutz, Adam"]
[Black "Breitzmann, Sander"]
[Result "1-0"]
[Termination "normal"]
[Board "3.2"]
[WhiteElo "1782"]
[BlackElo "1845"]
[WhiteClock "01:06:05"]
[BlackClock "00:13:58"]
[WhiteTeam "USV TU Dresden"]
[BlackTeam "SV Empor Berlin"]
[PlyCount "73"]
[WhiteFideId "16226615"]
[BlackFideId "12987085"]
[EventCountry "GER"]
[EventRounds "7"]
[EventType "team-swiss"]
[EventDate "2018.12.26"]

1. e4 {[%clk 1:30:47]} e5 {[%clk 1:30:53]} 2. Nf3 {[%clk 1:31:14]} Nc6 {[%clk
1:31:16]} 3. d4 {[%clk 1:31:41]} exd4 {[%clk 1:31:37]} 4. Nxd4 {[%clk 1:32:08]}
Qf6 {[%clk 1:31:46]} 5. Nxc6 {[%clk 1:31:36]} Bc5 {[%clk 1:30:29]} 6. Qf3
{[%clk 1:31:22]} Qxc6 {[%clk 1:30:05]} 7. Bd3 {[%clk 1:30:59]} h6 {[%clk
1:28:24]} 8. O-O {[%clk 1:29:45]} Nf6 {[%clk 1:27:35]} 9. Be3 {[%clk 1:28:37]}
Bxe3 {[%clk 1:09:19]} 10. Qxe3 {[%clk 1:28:19]} d6 {[%clk 1:07:42]} 11. Nc3
{[%clk 1:27:40]} a6 {[%clk 1:07:53]} 12. Kh1 {[%clk 1:24:26]} Be6 {[%clk
1:06:58]} 13. f4 {[%clk 1:23:30]} O-O-O {[%clk 1:06:51]} 14. f5 {[%clk
1:23:11]} Bd7 {[%clk 1:06:43]} 15. Qa7 {[%clk 1:23:12]} Be8 {[%clk 1:05:50]}
16. Qa8+ {[%clk 1:17:23]} Kd7 {[%clk 1:06:14]} 17. Qa7 {[%clk 1:17:48]} Ng4
{[%clk 0:54:28]} 18. Nd5 {[%clk 1:15:15]} f6 {[%clk 0:51:51]} 19. b4 {[%clk
1:13:19]} b5 {[%clk 0:34:32]} 20. Rac1 {[%clk 1:11:16]} Ne5 {[%clk 0:33:46]}
21. c4 {[%clk 1:08:54]} Ra8 {[%clk 0:28:39]} 22. Qd4 {[%clk 1:06:18]} Nxd3
{[%clk 0:27:32]} 23. Qxd3 {[%clk 1:06:23]} Ra7 {[%clk 0:26:04]} 24. cxb5 {[%clk
1:06:27]} Qxb5 {[%clk 0:24:01]} 25. Qg3 {[%clk 1:04:53]} Rh7 {[%clk 0:22:32]}
26. Qc3 {[%clk 1:04:38]} c6 {[%clk 0:19:19]} 27. Qe3 {[%clk 1:04:51]} Rb7
{[%clk 0:19:04]} 28. a4 {[%clk 1:05:12]} Qxa4 {[%clk 0:17:31]} 29. Nb6+ {[%clk
1:05:32]} Rxb6 {[%clk 0:17:56]} 30. Qxb6 {[%clk 1:05:57]} Ke7 {[%clk 0:17:12]}
31. Ra1 {[%clk 1:06:05]} Qb5 {[%clk 0:17:33]} 32. Qxb5 {[%clk 1:06:03]} axb5
{[%clk 0:18:01]} 33. Ra7+ {[%clk 1:06:03]} Bd7 {[%clk 0:18:09]} 34. Ra8 {[%clk
1:06:24]} h5 {[%clk 0:15:56]} 35. Rfa1 {[%clk 1:05:32]} g6 {[%clk 0:14:28]} 36.
R1a7 {[%clk 1:05:47]} gxf5 {[%clk 0:13:58]} 37. Rxd7+ {[%clk 1:06:05]} 1-0

[Event "DVM U14 2018"]
[Site "Magdeburg GER"]
[Date "2018.12.29"]
[Round "6"]
[White "Fricke, Janek Konrad"]
[Black "Peukert, Marc"]
[Result "1-0"]
[Termination "normal"]
[Board "3.3"]
[WhiteElo "1503"]
[BlackElo "1510"]
[WhiteClock "00:09:48"]
[BlackClock "00:05:04"]
[WhiteTeam "SV Empor Berlin"]
[BlackTeam "USV TU Dresden"]
[PlyCount "63"]
[WhiteFideId "12997471"]
[BlackFideId "16259440"]
[EventCountry "GER"]
[EventRounds "7"]
[EventType "team-swiss"]
[EventDate "2018.12.26"]

1. e4 {[%clk 1:30:59]} c5 {[%clk 1:30:42]} 2. d4 {[%clk 1:31:18]} cxd4 {[%clk
1:30:20]} 3. c3 {[%clk 1:31:40]} dxc3 {[%clk 1:30:01]} 4. Nxc3 {[%clk 1:31:59]}
Nc6 {[%clk 1:29:41]} 5. Bc4 {[%clk 1:31:50]} Nf6 {[%clk 1:28:46]} 6. Nf3 {[%clk
1:31:54]} d6 {[%clk 1:27:25]} 7. O-O {[%clk 1:31:34]} g6 {[%clk 1:26:26]} 8. h3
{[%clk 1:30:59]} Bg7 {[%clk 1:25:52]} 9. Qe2 {[%clk 1:30:48]} O-O {[%clk
1:25:08]} 10. Rd1 {[%clk 1:30:45]} Nd7 {[%clk 1:20:59]} 11. Bg5 {[%clk
1:26:09]} Nb6 {[%clk 1:17:08]} 12. Nd5 {[%clk 1:21:41]} Nxd5 {[%clk 1:11:57]}
13. Bxd5 {[%clk 1:18:17]} Qc7 {[%clk 1:07:57]} 14. Rac1 {[%clk 1:15:42]} Be6
{[%clk 0:55:59]} 15. b4 {[%clk 1:08:38]} Qd7 {[%clk 0:52:40]} 16. Qb5 {[%clk
0:51:30]} Rac8 {[%clk 0:37:40]} 17. e5 {[%clk 0:44:15]} Rfe8 {[%clk 0:25:25]}
18. exd6 {[%clk 0:37:26]} exd6 {[%clk 0:23:55]} 19. Bf4 {[%clk 0:36:54]} Bf8
{[%clk 0:18:01]} 20. a3 {[%clk 0:26:09]} a6 {[%clk 0:12:11]} 21. Bxc6 {[%clk
0:25:06]} Rxc6 {[%clk 0:11:27]} 22. Qd3 {[%clk 0:22:45]} Rxc1 {[%clk 0:10:22]}
23. Rxc1 {[%clk 0:22:22]} Rc8 {[%clk 0:08:41]} 24. Rd1 {[%clk 0:20:53]} d5
{[%clk 0:08:46]} 25. Ne5 {[%clk 0:15:55]} Qe7 {[%clk 0:08:22]} 26. Ng4 {[%clk
0:13:21]} Bg7 {[%clk 0:08:00]} 27. Qd2 {[%clk 0:11:26]} Bc3 {[%clk 0:07:08]}
28. Qe3 {[%clk 0:10:03]} d4 {[%clk 0:06:25]} 29. Qe5 {[%clk 0:09:28]} Qd8
{[%clk 0:05:01]} 30. Nh6+ {[%clk 0:09:26]} Kf8 {[%clk 0:05:09]} 31. Qh8+ {[%clk
0:09:31]} Ke7 {[%clk 0:05:04]} 32. Bg5+ {[%clk 0:09:48]} 1-0

[Event "DVM U14 2018"]
[Site "Magdeburg GER"]
[Date "2018.12.29"]
[Round "6"]
[White "Günther, Fabian"]
[Black "Ellert, Oliver"]
[Result "0-1"]
[Termination "normal"]
[Board "3.4"]
[WhiteElo "1485"]
[BlackElo "1584"]
[WhiteClock "00:40:24"]
[BlackClock "01:07:32"]
[WhiteTeam "USV TU Dresden"]
[BlackTeam "SV Empor Berlin"]
[PlyCount "74"]
[WhiteFideId "16240294"]
[BlackFideId "16246241"]
[EventCountry "GER"]
[EventRounds "7"]
[EventType "team-swiss"]
[EventDate "2018.12.26"]

1. d4 Nf6 2. c4 e6 3. Nc3 Bb4 4. Bd2 c5 5. e3 d5 6. Nf3 O-O 7. cxd5 cxd4 8.
Nxd4 exd5 9. Bd3 Nbd7 10. a3 Ba5 11. b4 Ne5 12. Be2 Bc7 13. O-O Re8 14. Qb3 Ng6
15. Rac1 Qd6 16. g3 Bh3 17. Ncb5 Qe5 18. Nxc7 Bxf1 19. Nxe8 Rxe8 20. Bxf1 Ne4
21. Bc3 Nxf2 22. Kxf2 Qxe3+ 23. Kg2 Qxc1 24. Nb5 h6 25. Nc7 d4 26. Bd3 dxc3 27.
Bxg6 Qb2+ 28. Qxb2 cxb2 29. Bd3 Re1 30. Nb5 b1=Q 31. Bxb1 Rxb1 32. Nxa7 Rb3 33.
Nb5 Kf8 34. Kh3 Ke7 35. Kg4 g6 36. h4 f5+ 37. Kf4 Kf6 0-1

[Event "DVM U14 2018"]
[Site "Magdeburg GER"]
[Date "2018.12.29"]
[Round "6"]
[White "Liebold, Aaron"]
[Black "Kosev, Momchil"]
[Result "1/2-1/2"]
[Termination "normal"]
[Board "4.1"]
[WhiteElo "1892"]
[BlackElo "1825"]
[WhiteClock "00:11:00"]
[BlackClock "00:15:06"]
[WhiteTeam "ESV Gera"]
[BlackTeam "Erfurter SK"]
[PlyCount "74"]
[WhiteFideId "12997846"]
[BlackFideId "12975982"]
[EventCountry "GER"]
[EventRounds "7"]
[EventType "team-swiss"]
[EventDate "2018.12.26"]

1. e4 {[%clk 1:30:52]} c5 {[%clk 1:30:55]} 2. Nf3 {[%clk 1:31:02]} d6 {[%clk
1:31:21]} 3. d4 {[%clk 1:31:23]} cxd4 {[%clk 1:31:46]} 4. Qxd4 {[%clk 1:31:41]}
a6 {[%clk 1:31:14]} 5. c4 {[%clk 1:29:24]} Nc6 {[%clk 1:31:37]} 6. Qd3 {[%clk
1:29:26]} g6 {[%clk 1:29:31]} 7. Nc3 {[%clk 1:29:43]} Bg7 {[%clk 1:29:55]} 8.
Be3 {[%clk 1:29:29]} Nf6 {[%clk 1:29:37]} 9. h3 {[%clk 1:29:12]} Qa5 {[%clk
1:21:02]} 10. Rc1 {[%clk 1:27:22]} O-O {[%clk 1:16:57]} 11. Be2 {[%clk
1:26:08]} Ne5 {[%clk 1:09:34]} 12. Nxe5 {[%clk 1:25:21]} dxe5 {[%clk 1:07:38]}
13. O-O {[%clk 1:23:35]} Be6 {[%clk 1:03:45]} 14. Qb1 {[%clk 1:18:11]} Rac8
{[%clk 0:55:41]} 15. b4 {[%clk 1:12:40]} Qc7 {[%clk 0:53:37]} 16. Nd5 {[%clk
1:05:52]} Bxd5 {[%clk 0:52:52]} 17. cxd5 {[%clk 1:05:23]} Qb8 {[%clk 0:53:11]}
18. Rc5 {[%clk 0:56:08]} Nd7 {[%clk 0:43:09]} 19. Rcc1 {[%clk 0:39:16]} Nf6
{[%clk 0:34:24]} 20. Rc5 {[%clk 0:28:21]} Nd7 {[%clk 0:33:16]} 21. Rxc8 {[%clk
0:28:40]} Rxc8 {[%clk 0:33:27]} 22. Bg4 {[%clk 0:29:00]} Rc7 {[%clk 0:32:28]}
23. Rc1 {[%clk 0:28:53]} Nf6 {[%clk 0:32:42]} 24. Rc5 {[%clk 0:23:38]} h5
{[%clk 0:30:38]} 25. Be2 {[%clk 0:21:05]} Nd7 {[%clk 0:30:49]} 26. Rc4 {[%clk
0:20:02]} Rxc4 {[%clk 0:29:53]} 27. Bxc4 {[%clk 0:20:26]} Qc7 {[%clk 0:30:19]}
28. Qc2 {[%clk 0:18:14]} Nb6 {[%clk 0:28:47]} 29. Bb3 {[%clk 0:18:03]} Qxc2
{[%clk 0:29:13]} 30. Bxc2 {[%clk 0:18:22]} Nc4 {[%clk 0:29:36]} 31. Bc1 {[%clk
0:17:48]} Kh7 {[%clk 0:27:25]} 32. Bd3 {[%clk 0:17:13]} Nd6 {[%clk 0:27:45]}
33. f3 {[%clk 0:15:32]} Bh6 {[%clk 0:27:25]} 34. Bxh6 {[%clk 0:15:36]} Kxh6
{[%clk 0:27:54]} 35. a4 {[%clk 0:15:48]} Kg5 {[%clk 0:26:04]} 36. Kf2 {[%clk
0:12:35]} f5 {[%clk 0:18:46]} 37. g3 {[%clk 0:11:00]} h4 {[%clk 0:15:06]}
1/2-1/2

[Event "DVM U14 2018"]
[Site "Magdeburg GER"]
[Date "2018.12.29"]
[Round "6"]
[White "Wagner, Victoria"]
[Black "Müller, Magnus"]
[Result "0-1"]
[Termination "normal"]
[Board "4.2"]
[WhiteElo "1777"]
[BlackElo "1830"]
[WhiteClock "00:27:11"]
[BlackClock "00:57:02"]
[WhiteTeam "Erfurter SK"]
[BlackTeam "ESV Gera"]
[PlyCount "84"]
[WhiteFideId "16232348"]
[BlackFideId "16230060"]
[EventCountry "GER"]
[EventRounds "7"]
[EventType "team-swiss"]
[EventDate "2018.12.26"]

1. e4 {[%clk 1:30:58]} e5 {[%clk 1:29:44]} 2. Nf3 {[%clk 1:31:17]} Nc6 {[%clk
1:30:10]} 3. Bc4 {[%clk 1:31:40]} Bc5 {[%clk 1:30:36]} 4. c3 {[%clk 1:31:21]}
Nf6 {[%clk 1:30:25]} 5. d3 {[%clk 1:30:57]} d6 {[%clk 1:30:46]} 6. O-O {[%clk
1:29:34]} O-O {[%clk 1:30:27]} 7. a4 {[%clk 1:29:23]} a5 {[%clk 1:29:18]} 8. h3
{[%clk 1:28:20]} h6 {[%clk 1:29:43]} 9. Re1 {[%clk 1:27:42]} Re8 {[%clk
1:26:17]} 10. Nbd2 {[%clk 1:26:41]} Be6 {[%clk 1:26:32]} 11. Nf1 {[%clk
1:25:15]} d5 {[%clk 1:21:08]} 12. Bb3 {[%clk 1:06:35]} Qd7 {[%clk 1:12:49]} 13.
Ng3 {[%clk 0:59:22]} Rad8 {[%clk 1:12:36]} 14. Qc2 {[%clk 0:52:03]} g5 {[%clk
1:00:06]} 15. exd5 {[%clk 0:37:47]} Bxd5 {[%clk 0:58:43]} 16. Bxd5 {[%clk
0:37:31]} Qxd5 {[%clk 0:58:41]} 17. Be3 {[%clk 0:33:09]} Bf8 {[%clk 0:51:03]}
18. Ne4 {[%clk 0:29:43]} Bg7 {[%clk 0:49:49]} 19. Nxf6+ {[%clk 0:27:21]} Bxf6
{[%clk 0:49:58]} 20. Rad1 {[%clk 0:26:32]} Kg7 {[%clk 0:49:41]} 21. Qc1 {[%clk
0:24:19]} Rd6 {[%clk 0:43:15]} 22. h4 {[%clk 0:18:27]} Bd8 {[%clk 0:42:05]} 23.
c4 {[%clk 0:16:03]} Qe6 {[%clk 0:42:28]} 24. Bc5 {[%clk 0:14:17]} Rd7 {[%clk
0:41:24]} 25. d4 {[%clk 0:08:14]} Qg4 {[%clk 0:37:36]} 26. d5 {[%clk 0:06:28]}
gxh4 {[%clk 0:34:39]} 27. Nh2 {[%clk 0:05:43]} Qg6 {[%clk 0:31:59]} 28. dxc6
{[%clk 0:05:40]} h3 {[%clk 0:32:09]} 29. g3 {[%clk 0:04:17]} Qxc6 {[%clk
0:32:14]} 30. f3 {[%clk 0:04:14]} Qxc5+ {[%clk 0:32:14]} 31. Kf1 {[%clk
0:03:51]} Bg5 {[%clk 0:31:44]} 32. Qc2 {[%clk 0:03:25]} Red8 {[%clk 0:30:34]}
33. Rxd7 {[%clk 0:02:51]} Rxd7 {[%clk 0:29:53]} 34. Rd1 {[%clk 0:02:24]} Rxd1+
{[%clk 0:30:03]} 35. Qxd1 {[%clk 0:02:48]} Qxc4+ {[%clk 0:30:19]} 36. Qe2
{[%clk 0:02:40]} Qxa4 {[%clk 0:28:22]} 37. Ng4 {[%clk 0:01:11]} Qd4 {[%clk
0:25:52]} 38. Qxe5+ {[%clk 0:00:46]} Qxe5 {[%clk 0:26:14]} 39. Nxe5 {[%clk
0:01:12]} Bf6 {[%clk 0:25:52]} 40. Nd3 {[%clk 0:01:22]} a4 {[%clk 0:26:17]} 41.
Kg1 {[%clk 0:27:11]} b5 {[%clk 0:56:38]} 42. Kh2 {[%clk 0:27:11]} c5 {[%clk
0:57:02]} 0-1